Las inundaciones de octubre de 1907 en Cataluña (Record no. 69604)

MARC details
000 -LEADER
campo de control de longitud fija 00567nam a2200169 i 4500
001 - NÚMERO DE CONTROL
campo de control 69604
003 - IDENTIFICADOR DE NÚMERO DE CONTROL
campo de control ES-MaACL
005 - FECHA Y HORA DE LA ÚLTIMA TRANSACCIÓN
campo de control 20230906170546.0
007 - CAMPO FIJO DE DESCRIPCIÓN FÍSICA--INFORMACIÓN GENERAL
campo de control de longitud fija t|
008 - DATOS DE LONGITUD FIJA--INFORMACIÓN GENERAL
campo de control de longitud fija 040708s1908 sp ||||1| spa d
100 1# - ENTRADA PRINCIPAL--NOMBRE DE PERSONA
Nombre de persona García Faria, Pedro (
Fechas asociadas al nombre 1858-1927)
9 (RLIN) 54586
245 14 - MENCIÓN DEL TÍTULO
Título Las inundaciones de octubre de 1907 en Cataluña
Resto del título : previsiones futuras /
Mención de responsabilidad, etc. Pedro García Faria.
260 ## - PUBLICACIÓN, DISTRIBUCIÓN, ETC.
Lugar de publicación, distribución, etc. Madrid :
Nombre del editor, distribuidor, etc. [s.n.],
Fecha de publicación, distribución, etc. 1908 (
Fabricante Hijos de J.A. Garcia)
300 ## - DESCRIPCIÓN FÍSICA
Extensión 96 p., lám. 1-5, 1 mapa ;
Dimensiones 23 cm.
650 #4 - PUNTO DE ACCESO ADICIONAL DE MATERIA--TÉRMINO DE MATERIA
Término de materia o nombre geográfico como elemento de entrada Inundaciones-
Subdivisión geográfica Cataluña.
9 (RLIN) 159697
852 ## - LOCALIZACIÓN
Ubicación ES-MaACL
Número de control de estantería 1497-F-2
Holdings
Estatus retirado Estado de pérdida Estado de daño No para préstamo Colección Biblioteca de origen Biblioteca actual Ubicación en estantería Fecha de adquisición Fuente de adquisición Total de préstamos Signatura topográfica completa Código de barras Visto por última vez Precio de reemplazo Tipo de ítem Koha
        Colección de folletos Biblioteca del Ateneo de Madrid Biblioteca del Ateneo de Madrid Depósito folletos 17/01/2008     1497-F-2 1072884 23/02/2023 23/02/2023 Folleto